Трудовое право в вопросах и ответах

Dades bibliogràfiques
Autor principal: Буянова М. О. Марина Олеговна
Autor corporatiu: Московская государственная юридическая академия
Sumari:Исключено из фонда НТБ ТПУ
Idioma:rus
Publicat: Москва, Проспект, 2004
Format: MixedMaterials Llibre
KOHA link:https://koha.lib.tpu.ru/cgi-bin/koha/opac-detail.pl?biblionumber=61576

MARC

LEADER 00000nam0a2200000 4500
001 61576
005 20231031062651.0
010 |a 5980320326 
035 |a (RuTPU)RU\TPU\book\65169 
035 |a RU\TPU\book\56673 
090 |a 61576 
100 |a 20040316d2004 m y0rusy50 ca 
101 0 |a rus 
102 |a RU 
105 |a y j 000zy 
200 1 |a Трудовое право в вопросах и ответах  |f М. О. Буянова  |g Московская государственная юридическая академия 
210 |a Москва  |c Проспект  |d 2004 
215 |a 176 с. 
333 |a Исключено из фонда НТБ ТПУ 
686 |a Х627я73  |v LBC/SL-A  |2 rubbk 
700 1 |a Буянова  |b М. О.  |g Марина Олеговна 
712 0 2 |a Московская государственная юридическая академия  |2 stltpush  |3 (RuTPU)RU\TPU\col\941 
801 1 |a RU  |b 63413507  |c 20030630  |g PSBO 
801 2 |a RU  |b 63413507  |c 20210610  |g PSBO 
942 |c BK